Entry Nombre personal
001 - NÚMERO DE CONTROL
- campo de control: 48954
003 - IDENTIFICADOR DE NÚMERO DE CONTROL
- campo de control: OSt
005 - FECHA Y HORA DE LA ÚLTIMA TRANSACCIÓN
- campo de control: 20251103230946.0
008 - ELEMENTOS DE DATO DE LONGITUD-FIJA
- campo de control de longitud fija: 030205 n acnnnaaan n ann d
040 ## - FUENTE DE CATALOGACIÓN
- Centro catalogador/agencia de origen: OSt
- Centro/agencia transcriptor: OSt
100 1# - ENCABEZAMIENTO-NOMBRE DE PERSONA
- Nombre de persona: Faura i Sans, M.,
- Fechas asociadas al nombre: 1883-1941
400 1# - TRAZADO DE VÉASE--NOMBRE DE PERSONA
- Nombre de persona: Faura i Sans, Mariano (
- Fechas asociadas al nombre: 1883-1941)
400 1# - TRAZADO DE VÉASE--NOMBRE DE PERSONA
- Nombre de persona: Faura y Sans, Mariano (
- Fechas asociadas al nombre: 1883-1941)
400 1# - TRAZADO DE VÉASE--NOMBRE DE PERSONA
- Nombre de persona: Faura y Sans, M. (
- Fechas asociadas al nombre: 1883-1941)
